000 00987nam a2200265Ia 4500
003 OSt
005 20220923212716.0
006 a|||||r|||| 00| 0
007 ta
008 tam
024 _a155,474
037 _cTextual
040 _aARTS
_cARTS
_btam
041 _2tam
_atam
082 _aO31,1DAN,GG, 152K7
100 _aरंगदेशिक स्वामी; शास्त्री, वागीशआचार्य, अनु.
_9162709
245 0 _aगोदा गीतावली
246 _aGodā gītāvalī
260 _aपटना
_b विहार राष्ट्रभाषा परिषद्
_c1967
300 _a295 पृ0
_ccm.
650 _a तमिल साहित्य
650 _aतमिल कविता
942 _hO31,1DAN,GG, 152K7
_cTEXL
_2CC
999 _c310989
_d310989